Romeo and Juliet

Guardat en:
Dades bibliogràfiques
Autor principal: Shakespeare, William (Autor)
Format: Llibre
Idioma:anglès
Publicat: Londres Sands 1960
Matèries:
Etiquetes: Afegir etiqueta
Sense etiquetes, Sigues el primer a etiquetar aquest registre!

MARC

LEADER 00000nam a2200000 a 4500
001 UCT2724
003 CL-VaPUC
008 961011e19600000UK |||||||||||||||||eng|d
082 0 4 |a 822  |b SHA  |2 21 
100 |a Shakespeare, William  |e author  |9 265757 
245 1 0 |a Romeo and Juliet 
300 |a 122 p 
942 |c BK 
945 |d 19961011 00:00:00  |a rbrito 
260 |a Londres  |b Sands  |c 1960 
650 0 |a Dramas ingleses  |9 269396 
583 |a last modification  |c 19961011 00:00:00  |k Rodrigo Vera 
999 |c 252702  |d 252700